|
|
|
|
| LEADER |
02348nam a2200589 i 4500 |
| 001 |
nkc20203274690 |
| 003 |
CZ PrNK |
| 005 |
20210426120854.0 |
| 007 |
ta |
| 008 |
210111s2020 xr a e c 000 0dcze |
| 020 |
|
|
|a 978-80-907901-0-0
|q (brožováno)
|
| 040 |
|
|
|a ABA001
|b cze
|e rda
|
| 041 |
0 |
|
|a cze
|b eng
|
| 043 |
|
|
|a e-xr---
|
| 045 |
|
|
|a y-y-
|
| 072 |
|
7 |
|a 72/76
|x Výtvarné umění
|2 Konspekt
|9 21
|
| 080 |
|
|
|a 75(437.3)
|2 MRF
|
| 080 |
|
|
|a 77.024.48
|2 MRF
|
| 080 |
|
|
|a 7.036/.038
|2 MRF
|
| 080 |
|
|
|a (437.3)
|2 MRF
|
| 080 |
|
|
|a (083.824)
|2 MRF
|
| 100 |
1 |
|
|a Blahutová, Simona,
|d 1980-
|7 xx0046877
|4 art
|
| 245 |
1 |
0 |
|a Simona Blahutová :
|b v mém atomovém krytu /
|c texty: Martina Vítková a Petr Vaňous
|
| 246 |
3 |
0 |
|a V mém atomovém krytu
|
| 264 |
|
1 |
|a V Pardubicích :
|b NOV - spolek pro soudobou a mladou tvorbu,
|c 2020
|
| 300 |
|
|
|a 27 stran :
|b barevné ilustrace ;
|c 30 cm
|
| 336 |
|
|
|a text
|b txt
|2 rdacontent
|
| 336 |
|
|
|a statický obraz
|b sti
|2 rdacontent
|
| 337 |
|
|
|a bez média
|b n
|2 rdamedia
|
| 338 |
|
|
|a svazek
|b nc
|2 rdacarrier
|
| 500 |
|
|
|a Vydáno u příležitosti výstavy "V kuchyni pod stolem, v mém atomovém krytu" konané v Art Space NOV v Pardubicích v létě roku 2020
|
| 500 |
|
|
|a Životopisná data, přehled výstav a zastoupení ve sbírkách
|
| 546 |
|
|
|a Anglické resumé
|
| 600 |
1 |
7 |
|a Blahutová, Simona,
|d 1980-
|7 xx0046877
|2 czenas
|
| 648 |
|
7 |
|a 21. století
|7 ch460559
|2 czenas
|
| 650 |
0 |
7 |
|a české malířství
|7 ph116864
|y 21. století
|2 czenas
|
| 650 |
0 |
7 |
|a fotomontáž
|7 ph135884
|z Česko
|y 21. století
|2 czenas
|
| 650 |
0 |
7 |
|a moderní umění
|7 ph115340
|z Česko
|2 czenas
|
| 650 |
0 |
9 |
|a Czech painting
|y 21st century
|2 eczenas
|
| 650 |
0 |
9 |
|a photomontage
|z Czechia
|y 21st century
|2 eczenas
|
| 650 |
0 |
9 |
|a modern art
|z Czechia
|2 eczenas
|
| 655 |
|
7 |
|a katalogy výstav
|7 fd132536
|2 czenas
|
| 655 |
|
9 |
|a exhibition catalogs
|2 eczenas
|
| 700 |
1 |
|
|a Vítková, Martina,
|d 1968-
|7 ola2003206251
|4 aut
|
| 700 |
1 |
|
|a Vaňous, Petr,
|d 1975-
|7 jx20060802004
|4 aut
|
| 710 |
2 |
|
|a Art Space NOV (galerie : Pardubice, Česko)
|7 pag2015860899
|4 orm
|
| 740 |
0 |
2 |
|a V kuchyni pod stolem, v mém atomovém krytu
|
| 910 |
2 |
|
|a BOA001
|b 4-1459.214
|
| 990 |
|
|
|a BK
|
| 995 |
|
|
|a 11
|
| 991 |
|
|
|b 202104
|c NOV
|
| 996 |
6 |
|
|b 2610852615
|c 4-1459.214
|l MZK
|r Sklad / do 1 hodiny
|n 0
|p p.v.
|w 001840161
|u 000010
|a 1
|e BOA001
|j MZK50
|s P
|